=LDR 00000nam 2200000 4500 =001 INLIS000000000017738 =005 20130612112946 =008 ***********************************Ind** =035 ##$$0010-061300000017738 =041 ##$$a Ind =082 ##$$a 618.2 =090 ##$$a 618.2, Var b =100 ##$$a Varney, Helen =245 ##$$a Buku saku bisan, Helen Varney ; alih bahasa, Endah Pakaryaningsih =260 ##$$a 2002 $b Jakarta =300 ##$$a vii, 330 hlm, 21 cm =650 ##$$a Kebidanan, Ilmu =850 ##$$a NBPNMAT